[Event "Tourn. n8501"]
[Site "www.chess-mail.com"]
[Date "2016.01.24"]
[Round "1"]
[White "Norlavuaram"]
[Black "Lino"]
[WhiteElo "2260"]
[BlackElo "2230"]
[Result "1-0"]
[Round "1"]
1.e4 c5
2.Ng1f3 Nb8c6
3.Bf1b5 e6
4.O-O Ng8e7
5.c3 a6
6.Bb5a4 b5
7.Ba4c2 Bc8b7
8.d3 d5
9.Nb1d2 d4
10.Rf1e1 Ne7g6
11.cxd4 cxd4
12.a3 Bf8d6
13.b4 O-O
14.Nd2b3 e5
15.Bc1g5 Qd8b6
16.Ra1c1 a5
17.bxa5 Nc6xa5
18.Nb3xa5 Qb6xa5
19.Rc1a1 Bd6xa3
20.Bc2b3 Qa5c7
21.Re1e2 Ba3b4
22.Re2a2 Ra8xa2
23.Ra1xa2 Kh8
24.Bg5d2 Bb4xd2
25.Qd1xd2 f6
26.h3 Qc7c3
{ time. }
1-0

[Event "Match"]
[Site "www.echecsemail.com"]
[Date "2016.01.24"]
[Round "1"]
[White "Bojan"]
[Black "Elogic"]
[WhiteElo "2020"]
[BlackElo "1769"]
[Result "1-0"]
[Round "1"]
1.e4 e5
2.Ng1f3 d6
3.d4 exd4
4.Nf3xd4 Nb8d7
5.Bc1f4 c5
6.Nd4f5 Nd7e5
7.Nb1c3 Bc8xf5
8.exf5 a6
9.Qd1d5 Qd8c7
10.g3 Ng8f6
11.Qd5g2 O-O-O
12.O-O-O h6
13.Bf1xa6 bxa6
14.Bf4xe5 Nf6d7
15.Be5f4 g5
16.Bf4d2 Nd7b6
17.Qg2e4 d5
18.Qe4g4 f6
19.Nc3a4 Nb6c4
20.Qg4e2 Rd8e8
21.Qe2d3 Nc4xd2
22.Rd1xd2 Qc7a5
23.b3 d4
24.Qd3c4 Re8e5
25.Rd2xd4 Kb8
26.Rd4d5 Re5xd5
27.Qc4xd5 Bf8e7
28.Qd5e6 Qa5c7
29.Qe6xa6 Rh8d8
30.Rh1e1 Qc7d7
31.Qa6d3 Qd7xd3
32.cxd3 Rd8d7
33.Kc2 Kc7
34.Kc3 Kc6
35.Re1e6 Kc7
36.Na4b6 Rd7d6
37.Re6xe7 Kxb6
38.Re7h7 Kc6
39.Rh7xh6 Kd5
40.f4 g4
41.Rh6h4 Rd6a6
42.a4 Ra6b6
43.Rh4xg4 Rb6b8
44.Rg4g6 Rb8f8
45.h4 Rf8e8
46.Rg6xf6 Re8e3
47.Rf6g6 Re3e1
48.h5 Re1c1
49.Kb2 { resign }
1-0

[Event "Match"]
[Site "www.echecsemail.com"]
[Date "2016.01.24"]
[Round "1"]
[White "Elogic"]
[Black "Vitoriccardo"]
[WhiteElo "1669"]
[BlackElo "1900"]
[Result "0-1"]
[Round "1"]
1.e4 d6
2.Bf1b5 c6
3.Bb5c4 d5
4.exd5 cxd5
5.Bc4b3 e5
6.c4 d4
7.d3 Ng8f6
8.a3 Bf8c5
9.h3 O-O
10.f4 Rf8e8
11.Ng1e2 Bc8d7
12.O-O e4
13.f5 exd3
14.Qd1xd3 Nf6e4
15.Ne2xd4 Bd7c6
16.Bc1e3 Ne4g3
17.Rf1d1 Bc6e4
18.Qd3c3 Bc5xd4
19.Qc3e1 Bd4xe3
20.Qe1xe3 Qd8c7
21.Nb1c3 Nb8c6
22.Nc3b5 Qc7e5
23.Nb5d6 Ng3xf5
24.Nd6xf5 Qe5xf5
25.Rd1f1 Qf5g6
26.Qe3f2 Nc6d4
27.Bb3a2 Nd4f3
28.Kh1 Nf3h4
29.Kh2 Be4xg2
30.Qf2xh4 Bg2xf1
31.Ra1xf1 Re8e2
32.Rf1f2 Re2xf2
33.Qh4xf2 Ra8d8
34.c5 Qg6f6
35.Qf2c2 Qf6e5
36.Kg2 Qe5g5
37.Kh1 Rd8d2
38.Qc2e4 Rd2d1
{ resign }
0-1

[Event "Match"]
[Site "www.echecsemail.com"]
[Date "2016.01.24"]
[Round "1"]
[White "Stevep84"]
[Black "Tonino1"]
[WhiteElo "2160"]
[BlackElo "1990"]
[Result "1-0"]
[Round "1"]
1.e4 c5
2.Ng1f3 d6
3.d4 cxd4
4.Nf3xd4 Ng8f6
5.Nb1c3 g6
6.Bc1e3 Bf8g7
7.f3 O-O
8.Qd1d2 Rf8e8
9.g4 Nb8c6
10.h4 Bc8xg4
11.fxg4 Nf6xg4
12.Nd4e2 Ng4xe3
13.Qd2xe3 Qd8a5
14.O-O-O b5
15.Kb1 b4
16.Nc3d5 Nc6e5
17.Ne2d4 Ra8c8
18.Nd4b3 Qa5a4
19.Bf1d3 Ne5c4
20.Bd3xc4 Rc8xc4
21.Rd1f1 Qa4d7
22.Rh1g1 Qd7e6
23.Nb3d2 Rc4c5
24.Qe3g5 Qe6e5
25.Qg5xe5 Bg7xe5
26.Nd2f3 Be5g7
27.Nf3g5 f5
28.Ng5e6 Rc5c4
29.exf5 Rc4xh4
30.fxg6 h6
31.Rf1f7 Bg7e5
32.Nd5xe7 Re8xe7
33.Rf7f8 { resign }
1-0

[Event "Match"]
[Site "www.echecsemail.com"]
[Date "2016.01.24"]
[Round "1"]
[White "Ditto"]
[Black "Roque1"]
[WhiteElo "1810"]
[BlackElo "1520"]
[Result "0-1"]
[Round "1"]
1.e4 c5
2.Ng1f3 e6
3.Bf1c4 Ng8f6
4.Nb1c3 Bf8e7
5.d4 cxd4
6.Nf3xd4 Nb8c6
7.Nd4f3 Nc6b4
8.O-O O-O
9.a3 Nb4c6
10.Rf1e1 Qd8b6
11.Ra1b1 Nf6g4
12.Bc1e3 Ng4xe3
13.Re1xe3 Be7c5
14.Re3e2 d6
15.b4 Nc6d4
16.Nf3xd4 Bc5xd4
17.Nc3a4 Qb6c6
18.Bc4b3 Bd4e5
19.Qd1d3 b5
20.Na4c3 Be5xc3
21.Bb3a2 e5
22.Ba2d5 Qc6a6
23.Rb1b3 Bc8g4
24.f3 Bc3d4
25.Kf1 Bg4h5
26.c3 Ra8c8
27.cxd4 Qa6b6
28.Rb3b1 exd4
29.h3 Rc8c3
30.Qd3d2 Rf8c8
31.Rb1a1 d3
32.Re2e3 Qb6d4
33.Ra1d1 Rc3xa3
34.Re3xd3 Ra3xd3
35.Qd2xd3 Qd4xb4
36.Kg1 a5
37.Bd5b7 Rc8d8
38.Bb7d5 a4
 { time }
0-1

[Event "Match"]
[Site "www.echecsemail.com"]
[Date "2016.01.24"]
[Round "1"]
[White "Whitekknight"]
[Black "Paco"]
[WhiteElo "1920"]
[BlackElo "1930"]
[Result "1-0"]
[Round "1"]
1.e4 e5
2.Ng1f3 Nb8c6
3.Bf1c4 Ng8f6
4.Nf3g5 d5
5.exd5 Nf6xd5
6.Ng5xf7 Kxf7
7.Qd1f3 Qd8f6
8.Bc4xd5 Ke8
9.Bd5xc6 Qf6xc6
10.Qf3h5 g6
11.Qh5xe5 Qc6e6
12.d4 Bc8d7
13.Bc1f4 Qe6xe5
14.Bf4xe5 Rh8g8
15.Nb1d2 O-O-O
16.O-O h5
17.Rf1e1 g5
18.h3 h4
19.Be5f6 Rd8e8
20.Re1xe8 Bd7xe8
21.Nd2e4 g4
22.Bf6xh4 gxh3
23.g3 Be8c6
24.Ra1e1 Bf8g7
25.Ne4g5 Bc6g2
26.Kh2 Bg7xd4
27.Re1e2 Bd4xb2
28.Ng5xh3 Bg2c6
29.Nh3f4 a5
30.Nf4e6 Bb2a3
31.Ne6d4 Bc6d5
32.c3 Bd5c4
33.Re2c2 c5
34.Nd4f5 Rg8e8
35.Nf5d6 Kd7
36.Nd6xc4 { resign }
1-0

[Event "Match"]
[Site "www.echecsemail.com"]
[Date "2016.01.24"]
[Round "1"]
[White "Nimzo"]
[Black "Jose"]
[WhiteElo "2800"]
[BlackElo "2690"]
[Result "1/2-1/2"]
[Round "1"]
1.d4 Ng8f6
2.c4 g6
3.g3 d5
4.cxd5 Nf6xd5
5.Bf1g2 Bf8g7
6.Ng1f3 Nd5b6
7.Nb1c3 Nb8c6
8.e3 O-O
9.O-O Rf8e8
10.h3 a5
11.d5 Nc6e5
12.Nf3xe5 Bg7xe5
13.e4 e6
14.Bc1h6 exd5
15.exd5 Nb6c4
16.Rf1e1 Nc4d6
17.Qd1d2 Bc8d7
18.Bh6g5 Qd8c8
19.Kh2 Nd6c4
20.Qd2c1 Nc4d6
21.Qc1d2 Nd6c4
22.Qd2c1 Nc4d6
23.Bg5f4 Be5xf4
24.Qc1xf4 Re8xe1
25.Ra1xe1 Qc8f8
26.Nc3e4 Nd6xe4
27.Re1xe4 Qf8d6
28.Qf4h6 Qd6f8
29.Qh6c1 Qf8d6
30.Qc1h6 Qd6f8
31.Qh6c1 Qf8d6
32.Re4c4 Ra8c8
33.a4 Qd6e5
34.Qc1d2 b6
35.Qd2c1 Qe5d6
36.Qc1c3 f6
37.b3 Kf7
38.Qc3c1 Kg8
39.h4 Kg7
40.Qc1c3 { draw }
1/2-1/2

[Event "Match"]
[Site "www.echecsemail.com"]
[Date "2016.01.24"]
[Round "1"]
[White "Fangshuo"]
[Black "Elogic"]
[WhiteElo "2120"]
[BlackElo "1669"]
[Result "1-0"]
[Round "1"]
1.e4 c5
2.Ng1f3 Nb8c6
3.Bf1c4 e6
4.Nb1c3 a6
5.a3 Ng8f6
6.d3 d5
7.exd5 exd5
8.Nc3xd5 Nf6xd5
9.Qd1e2 Bf8e7
10.Bc1g5 f6
11.Bg5d2 Bc8g4
12.O-O Nc6d4
13.Qe2e4 Bg4xf3
14.gxf3 Nd5b6
15.Bd2a5 Nd4xc2
16.Ra1c1 Nc2d4
17.Rf1e1 Nd4c6
18.Ba5xb6 Qd8xb6
19.Bc4d5 Nc6e5
20.f4 Ne5g6
21.f5 Ng6e5
22.f4 Qb6xb2
23.Rc1b1 Qb2xa3
24.fxe5 c4
25.exf6 gxf6
26.Rb1xb7 Qa3c5
27.d4 Qc5d6
28.Rb7xe7 Kd8
29.Bd5xa8 Rh8g8
30.Kh1 Rg8g5
31.Re7e8 Kd7
32.Qe4b7 { resign }
1-0

[Event "Match"]
[Site "www.echecsemail.com"]
[Date "2016.01.24"]
[Round "1"]
[White "Chapi"]
[Black "Elogic"]
[WhiteElo "2000"]
[BlackElo "1669"]
[Result "1-0"]
[Round "1"]
1.d4 Ng8f6
2.c4 c5
3.Ng1f3 b5
4.b3 e6
5.g3 cxd4
6.Qd1xd4 Nb8c6
7.Qd4d1 bxc4
8.Bf1g2 cxb3
9.axb3 Qd8b6
10.O-O d5
11.Bc1e3 Qb6c7
12.Qd1c2 Bf8d6
13.Rf1c1 Bc8d7
14.b4 Bd6xb4
15.Nf3d4 Ra8c8
16.Qc2a4 Qc7b7
17.Ra1a2 Nc6xd4
18.Rc1xc8 Qb7xc8
19.Qa4xb4 e5
20.Be3xd4 exd4
21.Ra2xa7 Qc8c6
22.Qb4a3 Kd8
23.Ra7a8 Bd7c8
24.Bg2h3 Nf6d7
25.Qa3a5 Ke7
26.Bh3xd7 Qc6xd7
27.Ra8a7 Bc8b7
28.Qa5b4 Kf6
29.Qb4xb7 Qd7xb7
30.Ra7xb7 Rh8e8
31.Kf1 g5
32.Nb1d2 h5
33.Nd2f3 g4
34.Nf3xd4 Re8e4
35.Nd4c2 d4
36.Rb7d7 Ke6
37.Rd7xd4 Re4e5
38.Nc2e3 f5
39.Kg2 Re5e4
40.Rd4xe4 fxe4
41.h3 gxh3
42.Kxh3 Kf6
43.Kh4 Kg6
44.Ne3d5 Kf5
45.Nd5f4 Ke5
46.Nf4xh5 Kf5
47.g4 Ke5
48.Nh5g3 { resign }
1-0

[Event "Match"]
[Site "www.echecsemail.com"]
[Date "2016.01.24"]
[Round "1"]
[White "Elogic"]
[Black "Guidom"]
[WhiteElo "1669"]
[BlackElo "2110"]
[Result "0-1"]
[Round "1"]
1.e4 e5
2.Nb1c3 d6
3.d4 exd4
4.Qd1xd4 Nb8c6
5.Qd4e3 Bc8e6
6.f4 Ng8f6
7.Bf1d3 Bf8e7
8.h3 O-O
9.g4 Be6d7
10.g5 Nf6h5
11.Bd3e2 g6
12.Be2xh5 gxh5
13.Nc3d5 Bd7e6
14.Nd5xe7 Qd8xe7
15.f5 Be6d7
16.Ng1f3 Nc6e5
17.Nf3h4 Bd7c6
18.f6 Qe7e6
19.Rh1f1 Ne5c4
20.Qe3f4 Bc6xe4
21.Kd1 Be4g6
22.Qf4f3 Rf8e8
23.b3 Qe6e5
24.c3 Nc4e3
25.Bc1xe3 Qe5xc3
26.Qf3xb7 Qc3xa1
27.Ke2 Qa1xa2
28.Ke1 Re8xe3
{ resign }
0-1

[Event "1/128 Finale"]
[Site "www.chess-mail.com"]
[Date "2016.01.24"]
[Round "1"]
[White "0o0o0"]
[Black "Emmanuel69"]
[WhiteElo "1369"]
[BlackElo "1930"]
[Result "1-0"]
[Round "1"]
1.e4 c6
2.d4 d5
3.exd5 cxd5
4.Bf1d3 Nb8c6
5.c3 e6
6.Bc1f4 a6
7.Ng1f3 Ng8f6
8.O-O h6
9.Nb1d2 Bf8d6
10.Bf4e5 Bd6xe5
11.Nf3xe5 Bc8d7
12.f4 O-O
13.Kh1 Ra8b8
14.Qd1f3 Nc6e7
15.g4 Nf6h7
16.g5 hxg5
17.Bd3xh7 Kxh7
18.Qf3h5 Kg8
19.fxg5 Bd7e8
20.Ne5g4 f5
21.Qh5h3 Ne7g6
22.Ng4e5 Ng6xe5
23.dxe5 Qd8xg5
24.Nd2f3 Qg5h5
25.Qh3g2 Rb8c8
26.Rf1g1 g6
27.Qg2f2 Rc8c4
28.Nf3d4 Be8f7
29.Rg1g3 Kg7
30.Ra1g1 Rf8e8
31.b3 Rc4c7
32.Nd4e2 Re8g8
33.Ne2f4 Qh5h7
34.Nf4xg6 Bf7xg6
35.Rg3xg6 Kf7
36.Rg6xg8 Qh7xg8
37.Rg1xg8 Kxg8
38.Qf2b6 Rc7e7
39.Kg2 Kg7
40.Qb6d8 Kf7
41.h4 Re7e8
42.Qd8f6 Kg8
43.h5 { resign }
1-0

[Event "1/128 Finale"]
[Site "www.chess-mail.com"]
[Date "2016.01.24"]
[Round "1"]
[White "Fbeley"]
[Black "Ledzepp"]
[WhiteElo "1799"]
[BlackElo "1439"]
[Result "1-0"]
[Round "1"]
1.e4 e5
2.Ng1f3 d6
3.Bf1c4 Bc8g4
4.Nb1c3 Ng8f6
5.d3 Bf8e7
6.Bc1e3 O-O
7.h3 Bg4d7
8.O-O c6
9.a4 d5
10.exd5 cxd5
11.Nc3xd5 Qd8a5
12.Nd5xe7 Kh8
13.Qd1d2 Qa5xd2
14.Be3xd2 Bd7xa4
15.Ra1xa4 Nb8d7
16.Rf1e1 Nd7b6
17.Ra4b4 Nb6d7
18.Rb4xb7 Nd7c5
19.Rb7b5 Nc5a4
20.Nf3xe5 a6
21.Rb5b4 Na4c5
22.d4 a5
23.Rb4b5 Nc5a4
24.Re1a1 Rf8e8
25.Ne5xf7 
1-0

[Event "1/128 Finale"]
[Site "www.chess-mail.com"]
[Date "2016.01.24"]
[Round "1"]
[White "Mitja"]
[Black "Mrfunk"]
[WhiteElo "1840"]
[BlackElo "1499"]
[Result "0-1"]
[Round "1"]
1.d4 Ng8f6
2.e3 e6
3.c3 d5
4.h3 Bf8d6
5.Nb1d2 Nb8c6
6.Nd2b3 e5
7.dxe5 Nc6xe5
8.Ng1e2 O-O
9.Ne2g3 c5
10.Bf1e2 Qd8e7
11.Qd1c2 Nf6e4
12.Ng3xe4 Bc8f5
13.f3 dxe4
14.f4 Qe7h4
15.Kf1 Ne5d3
16.Be2xd3 exd3
17.Qc2f2 Qh4e7
18.g4 Bf5e4
19.Rh1g1 Be4d5
20.Nb3d2 Rf8e8
21.g5 Qe7xe3
22.Qf2xe3 Re8xe3
{ resign }
0-1

[Event "Eq:chibcha-Los Tercios : "]
[Site "www.chess-mail.com"]
[Date "2016.01.24"]
[Round "1"]
[White "Lino"]
[Black "Julianlore"]
[WhiteElo "2360"]
[BlackElo "2700"]
[Result "0-1"]
[Round "1"]
1.e4 c5
2.c3 d5
3.exd5 Qd8xd5
4.d4 Ng8f6
5.Ng1f3 e6
6.Bf1e2 Bf8e7
7.O-O O-O
8.c4 Qd5d8
9.dxc5 Be7xc5
10.Nb1c3 b6
11.a3 Bc8b7
12.b4 Bc5e7
13.Bc1f4 Nf6h5
14.Bf4e3 Nh5f6
15.Qd1b3 Nb8c6
16.Rf1d1 Qd8b8
17.h3 Nc6e5
18.Nf3xe5 { time. }
0-1

[Event "Eq:Royal chess-Equipo Juan Diaz : "]
[Site "www.chess-mail.com"]
[Date "2016.01.24"]
[Round "1"]
[White "Naujzaid"]
[Black "Elogic"]
[WhiteElo "2040"]
[BlackElo "1769"]
[Result "1-0"]
[Round "1"]
1.d4 Ng8f6
2.c4 c5
3.d5 e6
4.Nb1c3 d6
5.e4 exd5
6.exd5 Nb8d7
7.Ng1f3 Bf8e7
8.Bf1d3 Nd7e5
9.Nf3xe5 dxe5
10.O-O a6
11.Rf1e1 Be7d6
12.f4 Nf6d7
13.Nc3e4 Nd7f6
14.Ne4xd6 Kd7
15.Nd6xf7 Qd8f8
16.Nf7xh8 exf4
17.Bd3f5 { resign }
1-0

[Event "Tourn. n8578"]
[Site "www.chess-mail.com"]
[Date "2016.01.25"]
[Round "1"]
[White "Elogic"]
[Black "Gatrooper"]
[WhiteElo "1669"]
[BlackElo "1690"]
[Result "1-0"]
[Round "1"]
1.Ng1f3 Nb8c6
2.e4 e5
3.Bf1c4 d6
4.d4 exd4
5.Nf3g5 Bc8e6
6.Bc4xe6 fxe6
7.Qd1f3 Ng8f6
8.Ng5xe6 Qd8d7
9.Qf3h3 Nc6d8
10.Ne6xf8 Qd7xh3
11.gxh3 Rh8xf8
12.f3 Nf6h5
13.Nb1d2 Nh5f4
14.h4 Nf4g2
15.Kf2 Ng2e3
16.c4 Ne3c2
17.Ra1b1 Nd8e6
18.b4 Ne6f4
19.Rb1b3 Nc2e3
20.Bc1b2 Nf4e6
21.Rh1g1 Ne6f4
22.Rg1g3 Ne3d1
23.Kf1 Nd1e3
24.Kf2 Nf4h5
25.Rg3g5 g6
26.Bb2xd4 Ne3d1
27.Ke2 Nd1f2
28.Kxf2 O-O-O
29.Bd4xa7 Nh5f4
30.Ke1 b6
31.b5 Nf4e6
32.Rg5g3 Kb7
33.Ba7xb6 cxb6
34.Rb3d3 Ne6f4
35.Rd3d4 Nf4e6
36.Rd4d3 Ne6f4
37.Rd3b3 Nf4e6
38.a4 Ne6d4
39.Rb3b2 Rf8f4
40.Kf2 Nd4e6
41.Rb2a2 Rf4xh4
42.Kg1 Ne6f4
43.Nd2b3 Rd8c8
44.Ra2c2 Nf4h5
45.Rg3g5 Rc8f8
46.Kg2 Rh4f4
47.Nb3d4 Nh5g7
48.Rg5d5 Rf8f6
49.Rc2d2 Ng7e8
50.e5 dxe5
51.Rd5xe5 Ne8d6
52.c5 Nd6c4
53.c6 Kc7
54.Re5e7 Kd6
55.Re7d7 Kc5
56.Rd7xh7 Nc4xd2
57.c7 Rf6f8
58.Nd4e6 Kd6
59.Ne6xf4 Rf8xf4
60.c8Q Rf4xf3
61.Qc8c6 Ke5
62.Qc6xf3 Nd2xf3
63.Kxf3 g5
64.Kg4 Kd5
65.Kxg5 Kc4
66.Rh7h6 Kb4
67.Rh6xb6 Kxa4
68.h4 Ka5
69.Rb6b8 Kb4
70.h5 Kc5
71.h6 Kd6
72.h7 { resign }
1-0

[Event "Tourn. n8464"]
[Site "www.chess-mail.com"]
[Date "2016.01.25"]
[Round "1"]
[White "Fvdp"]
[Black "Seger"]
[WhiteElo "2380"]
[BlackElo "2730"]
[Result "0-1"]
[Round "1"]
1.e4 c5
2.Nb1c3 Nb8c6
3.g3 d6
4.Bf1g2 g6
5.d3 Bf8g7
6.f4 e6
7.Ng1f3 Ng8e7
8.O-O O-O
9.Bc1e3 b6
10.Ra1b1 d5
11.Be3f2 d4
12.Nc3e2 e5
13.h3 Ra8b8
14.g4 f5
15.gxf5 gxf5
16.Bf2g3 fxe4
17.dxe4 Bc8a6
18.Nf3xe5 Nc6xe5
19.fxe5 Ne7g6
20.e6 Rb8c8
21.Qd1d2 Qd8e7
22.Rf1xf8 Rc8xf8
23.Ne2f4 Qe7g5
24.e7 Ng6xe7
25.Qd2e1 Rf8xf4
26.Bg3xf4 Qg5xf4
27.b3 Bg7e5
28.Qe1c1 Qf4h2
29.Kf2 Be5g3
30.Kf3 Ba6e2
{ resign }
0-1

[Event "Tourn. n8513"]
[Site "www.chess-mail.com"]
[Date "2016.01.25"]
[Round "1"]
[White "Expert"]
[Black "Nikas"]
[WhiteElo "1890"]
[BlackElo "1710"]
[Result "0-1"]
[Round "1"]
1.c4 e5
2.Nb1c3 Ng8f6
3.g3 Bf8b4
4.Bf1g2 Nb8c6
5.Nc3d5 d6
6.Nd5xb4 Nc6xb4
7.a3 Nb4c6
8.d3 O-O
9.Ng1f3 Bc8g4
10.O-O Qd8d7
11.Bc1g5 Nf6h5
12.Bg5e3 Bg4h3
13.b4 Bh3xg2
14.Kxg2 Nh5f6
15.Be3g5 Qd7e6
16.Bg5xf6 Qe6xf6
17.b5 Nc6e7
18.Qd1d2 h6
19.Qd2c2 Qf6g6
20.Ra1c1 b6
21.a4 Ne7f5
22.Kh1 Qg6e6
23.Kg2 Qe6d7
24.Qc2b2 { time. }
0-1

[Event "Tourn. n8606"]
[Site "www.chess-mail.com"]
[Date "2016.01.25"]
[Round "1"]
[White "Elogic"]
[Black "Yangqi"]
[WhiteElo "2230"]
[BlackElo "2630"]
[Result "0-1"]
[Round "1"]
1.e3 e5
2.Ng1f3 e4
3.Nf3d4 d5
4.c4 c5
5.Nd4b5 d4
6.exd4 cxd4
7.Qd1a4 Nb8c6
8.b3 a6
9.Bc1a3 Bc8g4
10.Ba3xf8 axb5
11.Qa4xa8 Qd8xa8
12.Bf8xg7 Nc6b4
13.Bf1e2 Nb4c2
14.Kd1 Nc2xa1
15.Be2xg4 Qa8xa2
16.Ke2 Qa2xb3
17.Rh1c1 Qb3d3
18.Ke1 Na1c2
19.Kd1 e3
20.fxe3 Nc2xe3
21.Ke1 Qd3f1
{ resign }
0-1

[Event "Tourn. n8564"]
[Site "www.chess-mail.com"]
[Date "2016.01.25"]
[Round "1"]
[White "Faerieking"]
[Black "Conde7"]
[WhiteElo "2230"]
[BlackElo "2840"]
[Result "0-1"]
[Round "1"]
1.e4 c5
2.d4 cxd4
3.c3 dxc3
4.Nb1xc3 d6
5.Bf1c4 e6
6.Ng1f3 Bf8e7
7.O-O a6
8.Qd1e2 Nb8c6
9.Rf1d1 Bc8d7
10.Bc1f4 e5
11.Bf4e3 Ng8f6
12.a3 Nf6g4
13.Be3c1 O-O
14.Nc3d5 Bd7e6
15.h3 Ng4f6
16.g4 b5
17.Bc4a2 Ra8c8
18.b4 Be6xd5
19.Ba2xd5 Nf6xd5
20.exd5 Nc6b8
21.Bc1b2 f5
{ resign }
0-1

[Event "Tourn. n8613"]
[Site "www.chess-mail.com"]
[Date "2016.01.25"]
[Round "1"]
[White "Elogic"]
[Black "Bojan"]
[WhiteElo "2240"]
[BlackElo "2060"]
[Result "0-1"]
[Round "1"]
1.e3 d5
2.Ng1f3 a6
3.c4 Ng8f6
4.Nb1c3 Nb8c6
5.b3 e5
6.cxd5 Nf6xd5
7.Nc3xd5 Qd8xd5
8.Bf1c4 Qd5d8
9.h4 h6
10.d4 Bc8g4
11.Qd1d3 Qd8f6
12.dxe5 Nc6xe5
13.Nf3xe5 Bf8b4
14.Bc1d2 Qf6xe5
15.O-O Ra8d8
16.Qd3c2 Rd8xd2
17.Qc2c1 O-O
18.f4 Qe5xe3
{ resign }
0-1

[Event "Tourn. n8565"]
[Site "www.chess-mail.com"]
[Date "2016.01.25"]
[Round "1"]
[White "Hundegana"]
[Black "Starwind"]
[WhiteElo "1980"]
[BlackElo "1809"]
[Result "0-1"]
[Round "1"]
1.c4 Ng8f6
2.d4 g6
3.b3 Bf8g7
4.Bc1b2 O-O
5.e3 c5
6.Ng1f3 cxd4
7.Bb2xd4 Nb8c6
8.Bf1d3 Nc6xd4
9.Nf3xd4 d5
10.Nb1d2 e5
11.Nd4c2 dxc4
12.Bd3xc4 Qd8a5
13.b4 Qa5c7
14.O-O Rf8d8
15.Qd1e2 Bc8f5
16.e4 Rd8xd2
17.Bc4xf7 Qc7xf7
18.Qe2xd2 Nf6xe4
19.Qd2e3 h5
20.f3 Ne4f6
21.Nc2a3 Bg7f8
22.Qe3xe5 Ra8e8
23.Qe5c3 Nf6d5
24.Qc3d2 Bf8xb4
25.Qd2c1 Re8e2
26.Rf1f2 Nd5c3
27.Na3c2 Bf5xc2
28.a3 Bb4c5
29.Kf1 Re2xf2
30.Ke1 Qf7e6
{ resign }
0-1

[Event "Tourn. n8560"]
[Site "www.chess-mail.com"]
[Date "2016.01.25"]
[Round "1"]
[White "Hundegana"]
[Black "Starwind"]
[WhiteElo "1980"]
[BlackElo "1809"]
[Result "0-1"]
[Round "1"]
1.d4 Ng8f6
2.c4 e6
3.Qd1c2 c5
4.e3 Nb8c6
5.Ng1f3 d5
6.cxd5 Nc6b4
7.Qc2b3 Qd8xd5
8.Bf1c4 Qd5f5
9.Nb1a3 a6
10.O-O b5
11.Bc4e2 Bc8b7
12.Qb3d1 Bf8e7
13.h3 O-O
14.Bc1d2 Ra8c8
15.Nf3h2 cxd4
16.Bd2xb4 Be7xb4
17.Na3c2 Rc8xc2
18.a3 Bb4d6
19.Be2d3 Qf5e5
20.g3 Rc2xf2
21.Rf1xf2 Qe5xg3
22.Kf1 dxe3
23.Rf2c2 Qg3xh3
24.Kg1 Bd6xh2
25.Rc2xh2 Qh3g3
26.Kf1 Qg3xh2
27.Qd1c2 Qh2f4
28.Ke1 Qf4g3
29.Kd1 Qg3g1
30.Ke2 Qg1f2
31.Kd1 Bb7f3
32.Kc1 Qf2e1
{ resign }
0-1

[Event "Tourn. n8444"]
[Site "www.chess-mail.com"]
[Date "2016.01.25"]
[Round "1"]
[White "Wwgia"]
[Black "Nimzo"]
[WhiteElo "2200"]
[BlackElo "2830"]
[Result "0-1"]
[Round "1"]
1.d4 d5
2.c4 e6
3.Nb1c3 c6
4.Ng1f3 Ng8f6
5.Bc1g5 dxc4
6.e4 b5
7.Bf1e2 Nb8d7
8.O-O h6
9.Bg5h4 Bf8e7
10.Qd1c2 O-O
11.Ra1d1 Bc8b7
12.d5 exd5
13.exd5 Nf6xd5
14.Bh4g3 Nd7c5
15.Nf3e5 Be7f6
16.Rf1e1 Qd8b6
17.Ne5g4 Bf6xc3
18.bxc3 Bb7c8
19.h4 f5
20.Bg3d6 fxg4
21.Bd6xf8 Kxf8
22.Qc2h7 Kf7
23.Rd1d4 Nd5f6
24.Rd4f4 Qb6c7
25.h5 Qc7xf4
{ resign }
0-1

[Event "Tourn. n8571"]
[Site "www.chess-mail.com"]
[Date "2016.01.25"]
[Round "1"]
[White "Bojan"]
[Black "Tonino1"]
[WhiteElo "2060"]
[BlackElo "2030"]
[Result "1/2-1/2"]
[Round "1"]
1.d4 Ng8f6
2.c4 g6
3.Qd1d3 Bf8g7
4.Nb1c3 O-O
5.e4 d6
6.Bf1e2 e5
7.Bc1e3 Nf6g4
8.Be3d2 Nb8c6
9.Ng1f3 Nc6xd4
10.Nf3xd4 exd4
11.Nc3d5 c6
12.Nd5b4 a5
13.Nb4c2 Qd8h4
14.Qd3f3 Ng4e5
15.Qf3f4 Qh4xf4
16.Bd2xf4 d3
17.Bf4xe5 Bg7xe5
18.Be2xd3 Be5xb2
19.Ra1b1 Bb2c3
20.Ke2 Ra8b8
21.Nc2e3 Bc8d7
22.f3 Bc3d4
23.h3 Bd4xe3
24.Kxe3 Rf8e8
25.g4 d5
26.cxd5 cxd5
27.Kf4 dxe4
28.Bd3xe4 b5
29.Rh1c1 b4
30.Be4d5 Bd7e6
31.Rc1c5 Be6xd5
32.Rc5xd5 a4
33.Rd5d4 Re8e2
34.a3 b3
35.Rd4xa4 Re2a2
36.Ra4b4 Rb8xb4
37.axb4 b2
38.b5 Ra2a4
39.Ke5 Ra4b4
40.Kd5 Rb4xb5
41.Kc4 Rb5b8
42.Kc3 Kg7
43.Rb1xb2 Rb8xb2
44.Kxb2 g5
45.Kc3 Kf6
46.Kd4 Ke6
47.Ke4 f6
48.f4 h6
49.fxg5 hxg5
50.Kd4 f5
51.Ke3 f4
52.Ke4 Kf6
53.Kd4 Ke6
54.Ke4 Kd6
55.Kd4 Kc6
56.Kc4 Kb6
57.Kd4 Kb5
58.Ke4 Kc4
59.h4 gxh4
60.Kxf4 Kd5
61.g5 Ke6
62.Kg4 Kf7
63.Kxh4 Kg6
64.Kg4 { draw }
1/2-1/2

[Event "Tourn. n8526"]
[Site "www.chess-mail.com"]
[Date "2016.01.25"]
[Round "1"]
[White "Gatrooper"]
[Black "Expert"]
[WhiteElo "1610"]
[BlackElo "1900"]
[Result "1-0"]
[Round "1"]
1.e4 c5
2.c4 Nb8c6
3.Ng1f3 d6
4.Nb1c3 g6
5.h3 Bf8g7
6.Nc3d5 Ng8f6
7.Nf3g5 O-O
8.d3 Nf6xd5
9.h4 Nd5b4
10.a3 Nb4a6
11.h5 Nc6d4
12.hxg6 hxg6
13.Ng5h7 Rf8e8
14.Bc1h6 Bg7xh6
15.Rh1xh6 Kg7
16.Qd1d2 Nd4b3
17.Qd2c3 Kxh6
18.Qc3xb3 Kxh7
19.Bf1e2 Qd8b6
20.Qb3c3 f6
21.O-O-O Kg7
22.f4 Re8h8
23.e5 dxe5
24.fxe5 Bc8f5
25.g4 Bf5e6
{ time. }
1-0

[Event "Tourn. n8491"]
[Site "www.chess-mail.com"]
[Date "2016.01.25"]
[Round "1"]
[White "Norlavuaram"]
[Black "Wwgia"]
[WhiteElo "2290"]
[BlackElo "2230"]
[Result "0-1"]
[Round "1"]
1.e4 e5
2.Ng1f3 Nb8c6
3.Bf1b5 a6
4.Bb5a4 Ng8f6
5.O-O b5
6.Ba4b3 Bf8c5
7.d3 d6
8.c3 h6
9.d4 exd4
10.cxd4 Bc5b6
11.Bb3c2 Bc8g4
12.Bc1e3 O-O
13.Nb1c3 Rf8e8
14.h3 Bg4xf3
15.gxf3 Qd8d7
16.Kh2 Kh8
17.Rf1g1 Nc6b4
18.Bc2b1 c5
19.dxc5 dxc5
20.Qd1xd7 Nf6xd7
21.a3 Nb4c6
22.Bb1a2 Nc6d4
23.Rg1g3 Nd4c2
24.Ra1g1 Bb6c7
25.f4 g5
26.e5 Nd7xe5
27.Nc3d5 Bc7b8
28.fxe5 Bb8xe5
29.f4 Nc2xe3
30.Nd5xe3 gxf4
31.Rg3f3 fxe3
32.Kh1 e2
33.Rg1e1 Be5xb2
34.Ba2xf7 Re8e7
35.Bf7d5 Ra8d8
36.Rf3d3 c4
{ resign }
0-1

[Event "Tourn. n8444"]
[Site "www.chess-mail.com"]
[Date "2016.01.25"]
[Round "1"]
[White "Nimzo"]
[Black "Seger"]
[WhiteElo "2820"]
[BlackElo "2750"]
[Result "1/2-1/2"]
[Round "1"]
1.d4 Ng8f6
2.c4 e6
3.g3 d5
4.Ng1f3 Bf8e7
5.Bf1g2 c5
6.O-O cxd4
7.Nf3xd4 O-O
8.cxd5 Nf6xd5
9.Qd1b3 Nb8c6
10.Rf1d1 Nc6xd4
11.Rd1xd4 Be7c5
12.Rd4d1 Bc8d7
13.Nb1c3 Nd5xc3
14.Qb3xc3 Ra8c8
15.Bc1e3 Bc5xe3
16.Qc3xe3 b6
17.Rd1d4 Qd8c7
18.Ra1d1 Bd7b5
19.Bg2f3 Rf8d8
20.Kg2 g6
21.h4 Rd8xd4
22.Rd1xd4 h5
23.g4 hxg4
24.Rd4xg4 Qc7c5
25.Qe3h6 Bb5c6
26.h5 Bc6xf3
27.exf3 Qc5c1
28.Qh6xc1 Rc8xc1
29.hxg6 f6
30.Rg4h4 { draw }
1/2-1/2

[Event "Tourn. n8526"]
[Site "www.chess-mail.com"]
[Date "2016.01.25"]
[Round "1"]
[White "Expert"]
[Black "Kevinking"]
[WhiteElo "1910"]
[BlackElo "1859"]
[Result "0-1"]
[Round "1"]
1.c4 c6
2.d4 d5
3.cxd5 cxd5
4.Nb1c3 Ng8f6
5.Bc1g5 e6
6.e3 Nb8d7
7.Ng1f3 Bf8e7
8.Bf1d3 O-O
9.O-O b6
10.Qd1e2 h6
11.Bg5xf6 Be7xf6
12.Ra1c1 Bc8b7
13.Bd3a6 Bb7xa6
14.Qe2xa6 Qd8c8
15.Qa6xc8 Rf8xc8
16.Nc3e2 { time. }
0-1

[Event "Tourn. n8590"]
[Site "www.chess-mail.com"]
[Date "2016.01.25"]
[Round "1"]
[White "Elogic"]
[Black "Osopanda"]
[WhiteElo "2059"]
[BlackElo "1980"]
[Result "0-1"]
[Round "1"]
1.d4 Ng8f6
2.Nb1c3 d5
3.f3 c6
4.e4 dxe4
5.Nc3xe4 Nb8d7
6.Bf1c4 e6
7.Ne4xf6 Nd7xf6
8.Qd1d3 Bf8e7
9.Bc1d2 O-O
10.O-O-O b5
11.Bc4b3 a5
12.a3 Bc8a6
13.Ng1e2 b4
14.Bb3c4 Ba6xc4
15.Qd3xc4 bxa3
16.Qc4xc6 axb2
17.Kxb2 Qd8b8
18.Kc1 Be7a3
{ resign }
0-1

[Event "Tourn. n8506"]
[Site "www.chess-mail.com"]
[Date "2016.01.25"]
[Round "1"]
[White "Abuelo"]
[Black "Stepanpech"]
[WhiteElo "2090"]
[BlackElo "2170"]
[Result "1-0"]
[Round "1"]
1.e4 c6
2.Nb1c3 d5
3.exd5 cxd5
4.d3 d4
5.Nc3e4 e5
6.Bf1e2 Nb8c6
7.Ng1f3 f5
8.Ne4d2 Bf8e7
9.O-O Ng8h6
10.Nd2b3 Nh6f7
11.Bc1d2 g5
12.h3 a5
{ time. }
1-0

[Event "Tourn. n8530"]
[Site "www.chess-mail.com"]
[Date "2016.01.25"]
[Round "1"]
[White "Expert"]
[Black "Raven16"]
[WhiteElo "1910"]
[BlackElo "1990"]
[Result "0-1"]
[Round "1"]
1.e4 e5
2.Ng1f3 Nb8c6
3.Bf1b5 Ng8f6
4.d3 Bf8c5
5.O-O O-O
6.Bb5xc6 dxc6
7.Nf3xe5 Qd8e7
8.Ne5f3 Bc8g4
9.h3 Bg4h5
10.Nb1c3 Ra8d8
11.Qd1e2 Rf8e8
12.Bc1e3 Bc5b4
13.Be3d2 Bb4c5
14.Bd2e3 Bc5b4
15.Nc3d1 h6
16.a3 Bb4d6
17.g4 Bh5g6
18.Qe2d2 h5
19.g5 Nf6d7
20.Nd1c3 f5
21.exf5 { time. }
0-1

[Event "Tourn. n8572"]
[Site "www.chess-mail.com"]
[Date "2016.01.25"]
[Round "1"]
[White "Julian"]
[Black "Chesspower"]
[WhiteElo "1990"]
[BlackElo "1820"]
[Result "1-0"]
[Round "1"]
1.e4 c5
2.Ng1f3 e6
3.Bf1c4 a6
4.c3 Nb8c6
5.d4 cxd4
6.cxd4 d5
7.exd5 exd5
8.Bc4d3 Ng8f6
9.O-O  { time }
1-0